00646 2200193 4500001002100000005001500021035002000036007000300056008003900059082001500098084002100113100001600134245016400150260005300314300004100367650001100408650002000419022001300439INLIS00000000000106420241021094254 a0010-1024000034ta241021 | | |  a631.53-634 a631.53-634 ALV c0 aAlviandi, D1 aCrop water requirement of Soursop (Annona muricata L) in Nawungan orchard, Selopamioro village, Imogiri sub-district, Bantul regency, Yogyakarta /cAlviandi, D aUnited Kingdom, Bristol :bIOP Publishing,c2019 a1-8 hlm, :bilus, ;c21 cm X 29,5 cm 4aJurnal 4aBudidaya Sirsak a17551315